000 00490nam a2200181 a 4500
001 000025835
005 20200930024103.0
008 110223s2002 dr 000 0 spa d
020 _a9993449040
040 _aDO-SdBNP
_bspa
_cBNPHU
082 _axxx
_bG633h
100 1 _aGómez Ricourt, Rafaela
_9267
245 1 4 _aLos hechos poderosos de Dios /
_cRafaela Gómez Ricourt.
250 _a3a ed.
260 _aSanto Domingo :
_bGente,
_c2002.
300 _a46 p. ;
_c22 cm.
049 _aBNPD
999 _c25327
_d25327